000 00655nam a2200241Ia 4500
003 OSt
005 20220918193214.0
006 a|||||r|||| 00| 0
007 ta
008 220917b |||||||| |||| 00| 0 eng d
024 _a72,267
037 _cTextual
040 _aARTS
_cARTS
_beng
041 _2eng
_aeng
082 _aR43z7, K6
100 _aDe George Richard T ed
245 0 _aEthics and society
_b original essays on contemporary moral problems
260 _aLondon
_bMacmillan
_c1966
300 _a217p
_ccm.
650 _aETHICS
942 _hR43z7, K6
_cTEXL
_2CC
999 _c198271
_d198271